00465nam a2200145Ia 4500008004100000041000800041082001400049100001500063245002200078260004400100300002400144365001100168999001700179952012300196240624s9999 xx 000 0 und d aeng a658.4 JOH aJOHRI AMIT aBUSINESS ANALYSIS c2010aMumbaibHimalaya Publishing House a438 : p. : cm. ; 24 cRSb30 c19508d19508 00104070aIMTNbIMTNcRack 28-Ad2012-09-27eHPHPLg325.00o658.4 JOHp19508r2024-06-24 00:00:00t1w2024-06-24yBK